Phillips and others v Francis (Record no. 84418)
[ view plain ]
| 000 -LEADER | |
|---|---|
| fixed length control field | 01343cad a22001815a 4500 |
| 001 - CONTROL NUMBER | |
| control field | L157608 |
| 008 - FIXED-LENGTH DATA ELEMENTS--GENERAL INFORMATION | |
| fixed length control field | 130131e20121221xxk 000 0 eng d |
| 035 ## - SYSTEM CONTROL NUMBER | |
| System control number | (Sirsi) u157608 |
| 041 0# - LANGUAGE CODE | |
| Language code of text/sound track or separate title | eng |
| 245 00 - TITLE STATEMENT | |
| Title | Phillips and others v Francis |
| Medium | [electronic resource] |
| 520 ## - SUMMARY, ETC. | |
| Summary, etc. | [2012] EWHC 3650 (Ch), 21 December 2012. Chalet lessees in a holiday park complex sought permission to appeal against CC judgement regarding the calculation of management charges and lack of consultation for qualifying works under the Landlord and Tenant Act 1985. The management charges should be limited to the actual fees charged to the lessors by professional agents. The works carried out by the lessors were qualifying works under the statutory definition of the Landlord and Tenant Act 1985. Held: CC decision overturned, appeal allowed. CC to recompute the cost of the qualifying works. CA [2014] EWCA 1395, 31 October 2014 (L158239) overturned HC Decision allowing appeal in part in relation to qualifying works but not in relation to management charges. |
| 650 24 - SUBJECT ADDED ENTRY--TOPICAL TERM | |
| Topical term or geographic name entry element | PHILLIPS V FRANCIS |
| 650 24 - SUBJECT ADDED ENTRY--TOPICAL TERM | |
| Topical term or geographic name entry element | LANDLORD AND TENANT ACT 1985 S20 |
| 651 #4 - SUBJECT ADDED ENTRY--GEOGRAPHIC NAME | |
| Geographic name | England and Wales |
| Chronological subdivision | 1543- |
| 690 ## - LOCAL SUBJECT ADDED ENTRY--TOPICAL TERM (OCLC, RLIN) | |
| Topical term or geographic name as entry element | Landlord and tenant |
| 9 (RLIN) | 6252 |
| 856 40 - ELECTRONIC LOCATION AND ACCESS | |
| Uniform Resource Identifier | <a href="https://www.bailii.org/ew/cases/EWHC/Ch/2012/3650.html">https://www.bailii.org/ew/cases/EWHC/Ch/2012/3650.html</a> |
| Public note | View the law report free of charge at www.bailii.org |
| 942 ## - ADDED ENTRY ELEMENTS (KOHA) | |
| Suppress in OPAC | 0 |
| Withdrawn status | Lost status | Source of classification or shelving scheme | Damaged status | Not for loan | Home library | Current library | Shelving location | Date acquired | Total Checkouts | Full call number | Barcode | Date last seen | Copy number | Price effective from | Koha item type |
|---|---|---|---|---|---|---|---|---|---|---|---|---|---|---|---|
| Dewey Decimal Classification | Virtual | Virtual | Online | 31/01/2013 | ONLINE PUBLICATION | 157608-2001 | 06/08/2019 | 1 | 06/08/2019 | Law report |